000 00601nam a22002057a 4500
003 0
005 20260204152116.0
008 260204b xxu||||| |||| 00| 0 eng d
020 _a978-0-545-48447-3
050 _aER
_bBo726 2011
082 _aER
_bBo726 2011
100 _aJoyner, Andrew
245 _aBoris gets a lizard
_cby Andrew Joyner.
260 _aNew York, NY :
_bScholastic Inc.,
_c2011.
300 _a76 pages :
_bcolored illustrations ;
_c20 cm.
650 _aWarthog
_vJuvenile fiction.
650 _aKomodo dragon
_vFiction.
650 _aLizards
_vJuvenile fiction.
942 _2ddc
_cBK
999 _c368788
_d368788